Chelsea 2020s Champions League Scorers - Statistics

General Stats
  • This quiz has been taken 79 times
  • The average score is 17 of 24
Answer Stats
Goals Nationality Player % Correct
6 German Kai Havertz
97%
6 Italian Jorginho
96%
5 American Christian Pulisic
94%
8 German Timo Werner
94%
3 Moroccan Hakim Ziyech
92%
2 Croatian Mateo Kovacic
89%
3 English Mason Mount
88%
2 Gabonese Pierre-Emerick Aubameyang
85%
3 English Reece James
81%
6 French Olivier Giroud
79%
1 Danish Andreas Christensen
76%
2 Belgian Romelu Lukaku
76%
4 English Tammy Abraham
75%
3 Spanish Cesar Azpilicueta
71%
1 German Antonio Rudiger
67%
1 English Ben Chilwell
67%
1 Brazilian Willian
57%
1 Italian Emerson Palmieri
50%
3 English Raheem Sterling
50%
1 Swiss Denis Zakaria
49%
1 Belgian Michy Batshuayi
43%
3 English Callum Hudson-Odoi
40%
1 English Trevor Chalobah
39%
1 French Wesley Fofana
33%
No matching quizzes found
Score Distribution
Percent of People with Each Score
Percentile by Number Answered
Your Score History
You have not taken this quiz